000 00220 a2200097 4500
001 25201
100 _aHenderson, W
245 _aPhysics unit II Electrical energy
260 _a
_bEdward Arnold
_c
090 _c16972
_d16972
942 _aNUST-CAE
_cM
_c7749
999 _c260274
_d260274